Estatísticas para Vírus, viroses - bio

Clique aqui para jogar o quiz

Estatísticas Gerais

  • Esse quiz foi jogado 86 vezes
  • A pontuação média é 7 de 15

Estatísticas das Respostas

PerguntaResposta% Correto
Qual das seguintes doenças é causada por um vírus? - Sífilis, Gonorreia ou Rubéola?Rubéola
87%
Os vírus são seres vivos: unicelulares, pluricelulares ou acelularesAcelulares
84%
Qual das seguintes doenças não é causada por vírus? - Hanseníase, Ebola ou Parotidite?Hanseníase
79%
Que doença é causada pelo SARS-Cov-2?COVID-19
78%
Qual hepatite é transmitida por água ou alimentos contaminados?Hepatite A
67%
Qual o material genético do coronavírus?RNA
60%
Qual foi a doença que teve a primeira vacina da história?Varíola
52%
Qual doença também é conhecida como Paralisia Infantil?Poliomielite
43%
Qual a classificação do HIV?Retrovírus
36%
Qual o nome dos vírus que parasitam bactérias?Bacteriófagos
25%
Qual o nome conhecido da doença "Condiloma Acuminado"?HPV
18%
Como é o nome do envoltório lipoproteico externo ao capsídeo presente em alguns vírus?Envelope
16%
Que célula o vírus da AIDS ataca?Linfócito TCD4
10%
Que vírus possui RNA e DNA?Citomegalovírus
9%
Que proteínas formam o capsídeo?Capsômeros
6%

Distribuição das Pontuações

Percentil de Números Respondidos

Porcentagem de Pessoas com Cada Pontuação

Sua Pontuação Histórica

Você não jogou esse quiz